[Event "FIN-chT 1415"]
[Site "Finland"]
[Date "2014.10.18"]
[Round "3.8"]
[White "Pankratovs, Vladimirs"]
[Black "Laakso, Harri"]
[Result "1-0"]
[WhiteElo "2021"]
[BlackElo "2177"]
[PlyCount "59"]
[EventDate "2014.09.27"]
[EventType "team-tourn"]
[EventRounds "11"]
[EventCountry "FIN"]
[SourceTitle "EXT 2016"]
[Source "ChessBase"]
[SourceDate "2015.10.08"]
[SourceVersion "1"]
[SourceVersionDate "2015.10.08"]
[SourceQuality "1"]
[WhiteTeam "Oulu OSS"]
[BlackTeam "Vantaa EtVaS"]
[WhiteTeamCountry "FIN"]
[BlackTeamCountry "FIN"]

1. d4 Nf6 2. c4 g6 3. Nc3 Bg7 4. e4 d6 5. Be2 0-0 6. Nf3 e5 7. d5 a5 8. Bg5 h6 9. Bh4 g5 10. Bg3 Nh5 11. h4 f6 12. Nd2 Nf4 13. Bxf4 exf4 14. Qc2 Nd7 15. Bg4 Ne5 16. Bxc8 Qxc8 17. Nb5 Re8 18. 0-0-0 Qd7 19. Nd4 c6 20. dxc6 Nxc6 21. Nf5 Ne7 22. Nxg7 Kxg7 23. hxg5 fxg5 24. Qc3+ Kh7 25. Nf3 g4 26. Qf6 Ng6 27. Ng5+ Kg8 28. Qxg6+ Qg7 29. Rxh6 Re5 30. Rdh1 1-0

[Event "Oulu We OSS"]
[Site "Oulu"]
[Date "2013.12.01"]
[Round "4"]
[White "Pankratovs, Vladimirs"]
[Black "Haataja, Riku"]
[Result "1/2-1/2"]
[WhiteElo "2004"]
[BlackElo "2152"]
[PlyCount "74"]
[EventDate "2013.11.30"]
[EventType "swiss"]
[EventRounds "5"]
[EventCountry "FIN"]
[SourceTitle "EXT 2022"]
[Source "ChessBase"]
[SourceDate "2021.10.06"]
[SourceVersion "1"]
[SourceVersionDate "2021.10.06"]
[SourceQuality "1"]

1. d4 d5 2. Nf3 e6 3. c4 Nf6 4. Nc3 Be7 5. Bg5 h6 6. Bh4 0-0 7. e3 Ne4 8. Bxe7 Qxe7 9. Qc2 Nxc3 10. Qxc3 c6 11. Be2 Nd7 12. 0-0 Re8 13. Rfd1 b6 14. cxd5 cxd5 15. Qc7 Nb8 16. Rac1 Ba6 17. Bd3 Qxc7 18. Rxc7 Bxd3 19. Rxd3 Na6 20. Rb7 Nb4 21. Rc3 Nxa2 22. Rcc7 Rec8 23. Ne5 Rxc7 24. Rxc7 Nb4 25. Nxf7 Nd3 26. b3 Rf8 27. Ne5 Nxe5 28. dxe5 Rf7 29. Rc8+ Kh7 30. Kf1 Kg6 31. g4 d4 32. Rc4 dxe3 33. f4 Rd7 34. Ke2 Rd2+ 35. Kxe3 Rxh2 36. Ke4 Re2+ 37. Kf3 Rb2 1/2-1/2

[Event "Oulu We OSS"]
[Site "Oulu"]
[Date "2013.12.01"]
[Round "5"]
[White "Pankratovs, Vladimirs"]
[Black "Ronka, Erik"]
[Result "0-1"]
[WhiteElo "2004"]
[BlackElo "2084"]
[PlyCount "72"]
[EventDate "2013.11.30"]
[EventType "swiss"]
[EventRounds "5"]
[EventCountry "FIN"]
[SourceTitle "EXT 2022"]
[Source "ChessBase"]
[SourceDate "2021.10.06"]
[SourceVersion "1"]
[SourceVersionDate "2021.10.06"]
[SourceQuality "1"]

1. d4 Nf6 2. c4 e6 3. g3 d5 4. Bg2 Be7 5. Nf3 0-0 6. Qc2 c5 7. 0-0 cxd4 8. Nxd4 Nc6 9. Nxc6 bxc6 10. b3 a5 11. Nc3 Ba6 12. Na4 Rc8 13. Rd1 Qc7 14. Be3 Nd7 15. Rac1 Qb8 16. Bf4 Qb7 17. e4 Nb6 18. Nxb6 Qxb6 19. Qe2 dxc4 20. Bf1 Rfd8 21. bxc4 Bc5 22. Rb1 Qa7 23. Kg2 Bd4 24. Qd2 Qc5 25. e5 Bxc4 26. Bxc4 Qxc4 27. Qxa5 c5 28. Be3 Ra8 29. Qb6 Qd5+ 30. Kg1 h5 31. a4 Rxa4 32. Bxd4 Rxd4 33. Rdc1 c4 34. Qc7 h4 35. gxh4 Rg4+ 36. Kf1 Qd3+ 0-1